Stolice Afryki - Statystyki

Ogólne statystyki
  • Ten quiz został rozwiązany 16 razy
  • Średni wynik to 21 z 48
Statystyki odpowiedzi
Hint Odpowiedź % Poprawnych
Algieria Algier
91%
Egipt Kair
91%
Maroko Rabat
82%
Tunezja Tunis
82%
RPA Pretoria
73%
Libia Trypolis
73%
Burkina Faso Wagadugu
73%
Nigeria Abudża
64%
Gwinea Bissau Bissau
64%
Senegal Dakar
64%
DRK Kinszasa
64%
Etiopia Addis Abeba
55%
Ghana Akra
55%
Sudan Chartum
55%
Kenia Nairobi
55%
Madagaskar Antananarywa
45%
Mali Bamako
45%
Dżibuti Dżibuti
45%
Sudan Południowy Dżuba
45%
Sierra Leone Freetown
45%
Angola Luanda
45%
Somalia Mogadiszu
45%
Mauretania Nawakszut
45%
Czad Ndżamena
45%
Gambia Bandżul
36%
Kongo Brazzaville
36%
Zimbabwe Harare
36%
Uganda Kampala
36%
Zambia Lusaka
36%
Eswatini Mbabane
36%
Erytrea Asmara
27%
Republika Środkowoafrykańska Bangi
27%
Tanzania Dodoma
27%
Botswana Gaborone
27%
Rwanda Kigali
27%
Gabon Libreville
27%
Malawi Lilongwe
27%
Togo Lome
27%
Mozambik Maputo
27%
Liberia Monrowia
27%
Niger Niamej
27%
Benin Porto Novo
27%
Namibia Windhuk
27%
WKS Jamusukro
18%
Kamerun Jaunde
18%
Gwinea Konakry
18%
Burundi Gitega
9%
Lesotho Mazeru
9%
Nie znaleziono quizów pasujących do podanych kryteriów
Rozkład punktacji
Procent ludzi z każdym wynikiem
Percentyl według liczby udzielonych odpowiedzi
Twoja historia wyników
Nie rozwiązałeś tego quizu